| 000 | 00492nam a2200157 a 4500 | ||
|---|---|---|---|
| 001 | 000030633 | ||
| 005 | 20200930062424.0 | ||
| 008 | 110525s1911 dr 000 0 spa d | ||
| 100 | 1 |
_aUtrea, Fr. Cipriano de _957218 |
|
| 245 | 1 | 0 |
_aCompendio de geografía universal y particular de la República Dominicana / _cFr. Cipriano de Utrea. |
| 260 |
_aSevilla : _bEscuela Divina Pastora, _c1911. |
||
| 300 |
_a38 p. ; _c19 cm. |
||
| 049 |
_aBNPHU _bspa _cBNPHU |
||
| 049 | _aBNPD | ||
| 999 |
_c30125 _d30125 |
||
| 040 | _aDO-SdBNP | ||